000 01356cam a2200373 4500
001 ABS62352
008 000000n2000 000 0 eng u
035 _a(Sirsi) u106252
245 _aFoundations of housing
260 _c2000
490 _aEstates Gazette
_v(0021)130(2)
520 _aThis 'mainly for students' article outlines the duties landlords owe to their tenants and the legal remedies available to tenants, which emanate from both statutory and common law. Diagram illustrating a landlord's duties to his residential tenant. Case law.
590 _aABS
650 _aLANDLORD AND TENANT
_96252
650 _aTORT OF NEGLIGENCE
650 _aPRIVATE LAW
650 _aPUBLIC LAW
650 _aBREACH OF STATUTORY DUTY
650 _aSTATUTORY NUISANCE
650 _aIMPLIED TERMS
650 _aEXPRESS TERMS
650 _aHARINGEY LBC V JOWETT
650 _aJOHNSON V SHEFFIELD CC
650 _aLIVERPOOL CC V IRWIN
650 _aSOUTHWARK V MILLS
650 _aSMITH V MARRABLE
650 _aBRUTON V LONDON & QUADRANT HOUSING ASSOCIATION
650 _aRIMMER V LIVERPOOL CITY COUNCIL
650 _aTARGETT V TORFAEN BC
650 _aANDREWS V SCHOOLING
650 _aR V CARDIFF CITY COUNCIL
690 _aPROPERTY-RESIDENTIAL PROPERTY-RESIDENTIAL LANDLORD AND TENANT-RESIDENTIAL TENANCIES
942 _n0
999 _c63634
_d63634